000 00528nam a22001817a 4500
005 20251127122847.0
008 251124b |||||||| |||| 00| 0 eng d
020 _a978-81-19613-18-2
041 _aeng
082 _a612 MAR-H
100 _aMARYA, R.K.
_95085
245 _aHUMAN ANATOMY AND PHYSIOLOGY-I : AS PER LATEST PCI REGULATIONS FOR B, PHARMA [1ST SEMESTER]
250 _a1ST ED. 2024
260 _aNEW DELHI
_bINNOVATIVE PUBLICATIONS PVT.LTD
_c2024
300 _a225;P
650 _aPHARMACY
_xB.PHARMA
942 _cBK
999 _c8952
_d8950